Funktionentheorie /

Guardado en:
Autor Principal: Carathéodory, Constantin, 1873-1950.
Formato: Libro
Idioma:German
Publicado: Basel : Birkhäuser, 1960-1961.
Edición:2. revidierte Aufl.
Series:Lehrbücher und Monographien aus dem Gebiete der exakten Wissenschaften. Mathematische Reihe ; Bd. 8-9
Etiquetas: Agregar Etiqueta
Sin Etiquetas, Sea el primero en etiquetar este registro!
LEADER 00719nam a22001935a 4500
001 MAT.inmabb001320
008 031122m19601961sz#a##########001#0#ger#d
005 20130307175430.0
245 1 0 |a Funktionentheorie /  |c von Constantin Carathéodory. 
250 |a 2. revidierte Aufl. 
260 |a Basel :  |b Birkhäuser,  |c 1960-1961. 
300 |a 2 v. :  |b il. ;  |c 25 cm. 
440 0 |a Lehrbücher und Monographien aus dem Gebiete der exakten Wissenschaften.  |p Mathematische Reihe ;  |v Bd. 8-9 
510 4 |a MR,  |c 24 #A209a 
100 1 |a Carathéodory, Constantin,  |d 1873-1950. 
084 |a 30-01  |2 msc2000 
010 |a  62067908  
859 |h 30  |i C262f  |p A-1573  |v 1  |3 Band 1  |b BIB. MATEMATICA 
859 |h 30  |i C262f  |p A-1574  |v 2  |3 Band 2  |b BIB. MATEMATICA